00890nam a2200205Ia 450000500170000000800410001702000180005804000700007604100080014606000100015410000280016424501040019226000630029630000650035965000280042465000230045265000450047565000530052085601110057320211112075646.0130821s2004 enkao gr eng  a1 4039 0488 X aCo-BoUCMbspacLuz Cupitra (modificó)dLuz Cupitra (modificó)00aeng aWZ 591 aBashford, Alisond1963-10aImperial hygiene a critical history of colonialism, nationalism and public healthcAlison Bashford aHoundsmills [England] ; New YorkbPalgrave Macmillanc2004 axiv, 263 páginasbilustraciones, fotografías gráficas aImperialismozAustralia aMedicinaxHistoria aPolítica de saludzAustraliaxHistoria aSalud públicaxAspectos políticoszAustralia41zConsulte la tabla de contenido haciendo clic aquíuhttp://www.loc.gov/catdir/toc/hol041/2003048280.html